| 000 | 003480000a22001570004500 | ||
|---|---|---|---|
| 001 | 000223 | ||
| 003 | MACL | ||
| 040 | _aMACL | ||
| 090 |
_c223 _d223 |
||
| 100 | _aNathan Dev, | ||
| 245 |
_aFrom Tribe To Caste _cNathan Dev |
||
| 260 |
_aIndian Institute Of Advanced Study, _c1997 |
||
| 350 | _a500 | ||
| 650 | _aSocial Science | ||
| 942 |
_k300 _cBook |
||
| 999 |
_c49530 _d49530 |
||